Dôchodca a závislá činnosť

Typ dôchodku, ktorý poberá zamestnanec, výrazne ovplyvňuje nielen daňové povinnosti, ale aj odvodové povinnosti zamestnanca (dôchodcu) a tiež jeho zamestnávateľa. Aké sú osobitosti, ktoré platia pri zamestnaní starobného a invalidného dôchodcu?

Enregistré dans:
Détails bibliographiques
Auteur principal: Bonek, Martin
Format: Chapitre de livre
Langue:slovaque
Sujets:
Tags: Ajouter un tag
Pas de tags, Soyez le premier à ajouter un tag!

MARC

LEADER 00000naa a2200000 4500
001 0296666
005 20240417075250.0
041 0 |a slo 
044 |a SK 
245 1 0 |a Dôchodca a závislá činnosť  |c Martin Bonek 
520 |a Typ dôchodku, ktorý poberá zamestnanec, výrazne ovplyvňuje nielen daňové povinnosti, ale aj odvodové povinnosti zamestnanca (dôchodcu) a tiež jeho zamestnávateľa. Aké sú osobitosti, ktoré platia pri zamestnaní starobného a invalidného dôchodcu? 
610 2 0 |a dôchodcovia 
610 2 0 |a zamestnanie 
610 2 0 |a zamestnanci 
610 2 0 |a povinnosti zamestnávateľov 
610 2 0 |a povinnosť daňová 
610 2 0 |a zákony 
100 1 |a Bonek, Martin